| 000 | 00642nam a2200229 i 4500 | ||
|---|---|---|---|
| 001 | bg | ||
| 100 | 1 | _aGACA, Jerzy | |
| 245 | 1 | 0 |
_aNadtlenek wodoru i chlorki : _bprzykłady i aspekty teoretyczne / _cJerzy Gaca, Sławomir Żak. |
| 260 |
_aBydgoszcz : _bWydawnictwa Uczelniane Akademii Techniczno-Rolniczej, _c2004. |
||
| 300 |
_a100 s. ; _c24 cm. |
||
| 504 | _aBibliogr. | ||
| 650 | 9 | _aNadtlenek wodoru | |
| 650 | 9 | _aChlorki | |
| 700 | 1 | _aŻAK, Sławomir | |
| 020 | _a8389334615 | ||
| 040 | _cBPK | ||
| 041 | 0 | _apol | |
| 080 | _a546.1/.2-3 | ||
| 920 | _a83-89334-61-5 | ||
| 942 | _cKS | ||
| 008 | s pl f |000 0 pol | ||
| 999 |
_c45680 _d45680 |
||
| 856 |
_uhttp://koha.tu.koszalin.pl/cgi-bin/koha/opac-detail.pl?biblionumber=45680 _yKatalog online BPK |
||